000 00717nam a22002057a 4500
005 20171107130040.0
010 _aENG-121272
020 _a9789386288684
_c1080.00
035 _aEN-104804
037 _bDBAD/PUB
082 _a338.47629133340954
100 _aKapur, Vivek
245 0 0 _aIndian Aircraft industry :
_cby Vivek Kapur ; introduction by Vinod Patney
_bpossible innovations for success in the twenty-first century /
260 _aNew Delhi
_bKW Publishers
_c2018
270 _a4676/21, First Floor, Ansari Road, Daryaganj,
_bNew Delhi
_e110002
300 _axxx,286p.
_c24cm(Hb)
500 _aIncludes index
700 _a Patney,Vinod
942 _2ddc
_cEN
_mKAP
_h338.47629133340954
999 _c147227
_d147227